000 00709nam a2200229Ia 4500
003 OSt
005 20220927105245.0
006 a|||||r|||| 00| 0
007 ta
008 220926b |||||||| |||| 00| 0 eng d
024 _a163796
037 _cReference Collections
040 _aRTL
_cRTL
_beng
041 _2eng
_aeng
082 _a"Y:5.277sN91, P0.14"
100 _a"Census of India, 1991"
_9371304
245 0 _a"Special tables on scheduled castes. Assam. V. 4, Pt VIII (I), Table; SC1 to SC14"
260 _aAssam
_bGovt. Press
_c1991
300 _av. 859p
_ccm.
942 _h"Y:5.277sN91, P0.14"
_cCC
999 _c691520
_d691520